000 00495nam a2200181Ia 4500
008 151202s9999||||xx |||||||||||||| ||und||
082 _bPNVM-28300
100 _aसहस्त्रबुद्धे.
245 _aफुलंगी.
260 _b---
260 _c0
300 _a0
600 _aसहस्त्रबुद्धे.
630 _aफुलंगी.
700 _aसहस्त्रबुद्धे.
730 _aफुलंगी.
942 _cBOOK
999 _c1294268
_d1294265